Global climate change and environmental issues / (Record no. 81219)

MARC details
000 -LEADER
fixed length control field 00650nam a22001937a 4500
005 - DATE AND TIME OF LATEST TRANSACTION
control field 20131218115202.0
010 ## - LCCN (DPL NO)
LC control number ENG-108864
020 ## - INTERNATIONAL STANDARD BOOK NUMBER
International Standard Book Number 9788192563640
Terms of availability 1195.00
035 ## - SYSTEM CONTROL NUMBER
System control number EN-92397
037 ## - SOURCE OF ACQUISITION
Source of stock number/acquisition DBAD/PUB
082 ## - DEWEY DECIMAL CLASSIFICATION NUMBER
Classification number 363.738740954
245 ## - TITLE STATEMENT
Title Global climate change and environmental issues /
Statement of responsibility, etc edited by Suman Kalyan Chaudhury
260 ## - PUBLICATION, DISTRIBUTION, ETC. (IMPRINT)
Place of publication, distribution, etc New Delhi
Name of publisher, distributor, etc S.K. Book Agency
Date of publication, distribution, etc 2013
270 ## - ADDRESS
Address 5A/12, Ansari Road Daryaganj
City New Delhi
Postal code 110002
300 ## - PHYSICAL DESCRIPTION
Extent viii,312p.
Dimensions 22cm(Hb)
500 ## - GENERAL NOTE
General note Includes bibliographical references and index
700 ## - ADDED ENTRY--PERSONAL NAME
Personal name Chaudhury, Suman Kalyan
942 ## - ADDED ENTRY ELEMENTS (KOHA)
Source of classification or shelving scheme Dewey Decimal Classification
Item type English Books
Call number suffix GLO
Classification part 363.738740954
Holdings
Withdrawn status Lost status Not for loan Collection code Home library Current library Date acquired Source of acquisition Cost, normal purchase price Full call number Barcode Copy number Cost, replacement price Koha item type
    Not For Loan Non-fiction D.B.Act.Division D.B.Act.Division 17/12/2013 DBAD/PUB 1195.00 363.738740954 GLO EN-92397 1 1195.00 English Books

© Delhi Public Library
Hit Counter
free hit counter